000
00338 a2200157 4500
001
192933
020
_a
85-16-03505-0
040
_c
Magnum
100
_a
Belinky, Tatiana
240
1
0
_a
Transplante de menina
_l
por
245
1
0
_a
Transplante de menina
300
_a
160
362
0
_a
2003
697
_a
LITERATURA JUVENIL
942
_c
BK
999
_c
192933
_d
192933